[Event "Titled Tuesday intern op 16th Apr Early"]
[Site "Chess.com INT"]
[Date "2024.04.16"]
[Round "7"]
[White "Aliyev, Ravan"]
[Black "Shohat, Yotam"]
[Result "1-0"]
[WhiteElo "2352"]
[BlackElo "2398"]
[PlyCount "77"]
[EventDate "2024.04.16"]
[EventType "swiss (blitz)"]
[EventRounds "11"]
[EventCountry "USA"]
[SourceTitle "CB17_2024"]
[SourceDate "2024.04.24"]
[SourceVersion "1"]
[SourceVersionDate "2024.04.24"]
[SourceQuality "1"]

1. Nf3 Nf6 2. g3 d6 3. d4 Bg4 4. Bg2 Nc6 5. c4 e5 6. d5 Ne7 7. Nc3 g6 8. 0-0 Bg7 9. c5 0-0 10. cxd6 cxd6 11. h3 Bf5 12. Be3 Ne4 13. Nh4 Nxc3 14. bxc3 Bd7 15. c4 f5 16. c5 e4 17. Bg5 Qe8 18. Qb3 Kh8 19. cxd6 Nc8 20. Qxb7 Nxd6 21. Qa6 Nf7 22. Be3 g5 23. Nxf5 Bxf5 24. Rac1 Qe5 25. Rfd1 Rac8 26. Rxc8 Rxc8 27. Qxa7 Nd6 28. Bd4 Nb5 29. Bxe5 Nxa7 30. Bd6 Nb5 31. Be7 Re8 32. d6 Bd7 33. Bxe4 Be5 34. Bf3 Kg7 35. Bxg5 Bf6 36. Bf4 Nd4 37. Kg2 Nxe2 38. Re1 Nxf4+ 39. gxf4 1-0

[Event "Titled Tuesday intern op 02nd Apr Early"]
[Site "Chess.com INT"]
[Date "2024.04.02"]
[Round "10"]
[White "Aliyev, Ravan"]
[Black "Salinas Herrera, Pablo Patricio"]
[Result "0-1"]
[WhiteElo "2352"]
[BlackElo "2487"]
[PlyCount "74"]
[EventDate "2024.04.02"]
[EventType "swiss (blitz)"]
[EventRounds "11"]
[EventCountry "USA"]
[SourceTitle "CB15_2024"]
[SourceDate "2024.04.10"]
[SourceVersion "1"]
[SourceVersionDate "2024.04.10"]
[SourceQuality "1"]

1. d4 d5 2. c4 e6 3. Nc3 Nf6 4. cxd5 exd5 5. Bg5 c6 6. e3 h6 7. Bh4 Bd6 8. Bd3 0-0 9. Qc2 Re8 10. Nge2 a5 11. Bg3 Na6 12. a3 Nc7 13. 0-0 Ne6 14. Rae1 Ng5 15. Bxd6 Qxd6 16. Ng3 h5 17. f4 Ne6 18. Nf5 Qf8 19. Rf3 Bd7 20. Rg3 Kh8 21. Qf2 c5 22. dxc5 Nxc5 23. Bc2 Bxf5 24. Bxf5 Rad8 25. Rg5 g6 26. Bc2 Ne6 27. Rg3 d4 28. exd4 Nxd4 29. Rxe8 Qxe8 30. Bd3 Ng4 31. Qd2 Nb3 32. Qe2 Qc6 33. Nd1 Qc5+ 34. Kh1 Qc1 35. Kg1 Qxf4 36. Rf3 Qxh2+ 37. Kf1 Qh1# 0-1

[Event "Titled Tuesday intern op 23rd Jan Late"]
[Site "Chess.com INT"]
[Date "2024.01.23"]
[Round "2"]
[White "Yoo, Christopher Woojin"]
[Black "Aliyev, Ravan"]
[Result "1-0"]
[WhiteElo "2595"]
[BlackElo "2311"]
[PlyCount "95"]
[EventDate "2024.01.23"]
[EventType "swiss (blitz)"]
[EventRounds "11"]
[EventCountry "USA"]
[SourceTitle "CB05_2024"]
[SourceDate "2024.01.31"]
[SourceVersion "1"]
[SourceVersionDate "2024.01.31"]
[SourceQuality "1"]

1. d4 Nf6 2. c4 g6 3. Nf3 Bg7 4. g3 0-0 5. Bg2 d6 6. 0-0 Nbd7 7. Nc3 e5 8. e4 c6 9. Re1 exd4 10. Nxd4 Nc5 11. h3 a5 12. Bf4 Re8 13. Qd2 a4 14. Rad1 Nh5 15. Bg5 Qa5 16. g4 Nf6 17. Qf4 Nfd7 18. Bh6 Ne5 19. Bxg7 Kxg7 20. g5 Nxc4 21. Nf5+ Bxf5 22. exf5 Rxe1+ 23. Rxe1 Nd3 24. Qd4+ Nce5 25. Re3 Qc5 26. Rxd3 Qxd4 27. Rxd4 d5 28. f6+ Kf8 29. Rxa4 Rd8 30. Ne2 Nd3 31. Ra7 Nxb2 32. Rxb7 Nc4 33. Nd4 Ne5 34. f4 Nd3 35. Nxc6 Rc8 36. Bxd5 Nxf4 37. Rxf7+ Ke8 38. Re7+ Kf8 39. Nd4 Nxh3+ 40. Kh2 Nxg5 41. a4 Rb8 42. a5 Rb2+ 43. Kg3 Rd2 44. Ne6+ Nxe6 45. Bxe6 Rd3+ 46. Kf4 Ra3 47. Ra7 Ra4+ 48. Ke5 1-0

[Event "Istanbul op"]
[Site "Istanbul"]
[Date "2023.08.31"]
[Round "7"]
[White "Aliyev, Ravan"]
[Black "Temizer, Umut"]
[Result "1-0"]
[WhiteElo "2314"]
[BlackElo "2221"]
[PlyCount "81"]
[EventDate "2023.08.26"]
[EventType "swiss"]
[EventRounds "9"]
[EventCountry "TUR"]
[SourceTitle "EXT 2024"]
[Source "ChessBase"]
[SourceDate "2023.10.10"]
[SourceVersion "1"]
[SourceVersionDate "2023.10.10"]
[SourceQuality "1"]

1. Nf3 d5 2. g3 Nf6 3. Bg2 Bf5 4. 0-0 e6 5. d3 h6 6. c4 c6 7. cxd5 exd5 8. Nc3 Be7 9. Nd4 Bh7 10. e4 0-0 11. Re1 Na6 12. e5 Nd7 13. Bh3 Ndc5 14. Nf5 Re8 15. d4 Ne6 16. Nxe7+ Rxe7 17. f4 Qb6 18. Be3 Qxb2 19. Rc1 Rd8 20. f5 Ng5 21. Bg4 Ree8 22. h4 Ne4 23. Nxe4 dxe4 24. f6 Qa3 25. Bd7 Rxd7 26. Qg4 Qf8 27. Qxd7 Nb4 28. Rf1 Nd5 29. fxg7 Kxg7 30. Bxh6+ Kxh6 31. Rxf7 Qg8 32. Rxh7+ Qxh7 33. Qxe8 e3 34. Qf8+ Kg6 35. Rf1 Qh5 36. Qg8+ Kh6 37. Qh8+ Kg6 38. Qg8+ Kh6 39. g4 Qxh4 40. Qh8+ Kg5 41. Qg7# 1-0

[Event "Baku op"]
[Site "Baku"]
[Date "2023.05.10"]
[Round "7"]
[White "Urazayev, Arystanbek"]
[Black "Aliyev, Ravan"]
[Result "1/2-1/2"]
[WhiteElo "2460"]
[BlackElo "2280"]
[PlyCount "77"]
[EventDate "2023.05.04"]
[EventType "swiss"]
[EventRounds "9"]
[EventCountry "AZE"]
[SourceTitle "CBM 214 Extra"]
[Source "ChessBase"]
[SourceDate "2023.07.31"]
[SourceVersion "1"]
[SourceVersionDate "2023.07.31"]
[SourceQuality "1"]

1. e4 e5 2. Nf3 Nc6 3. Bb5 a6 4. Ba4 d6 5. 0-0 Bd7 6. Nc3 Nf6 7. d4 exd4 8. Nxd4 b5 9. Nxc6 Bxc6 10. Bb3 Be7 11. Re1 0-0 12. Bf4 b4 13. Nd5 Nxd5 14. exd5 Bb5 15. a4 bxa3 16. Rxa3 Bf6 17. c3 Re8 18. Be3 Bg5 19. f4 Bh4 20. g3 Bf6 21. Bc2 g6 22. Qf3 Qd7 23. Raa1 c5 24. f5 Be5 25. Bh6 a5 26. h4 a4 27. h5 gxh5 28. Qxh5 f6 29. c4 Bd4+ 30. Kh2 Rxe1 31. Rxe1 Bxc4 32. Bxa4 Qf7 33. Qg4+ Kh8 34. Be8 Qg8 35. Qxg8+ Kxg8 36. Re4 Bxd5 37. Rg4+ Kh8 38. Bg7+ Kg8 39. Bh6+ 1/2-1/2

[Event "Baku op"]
[Site "Baku"]
[Date "2023.05.09"]
[Round "6"]
[White "Aliyev, Ravan"]
[Black "Manish, Anto Cristiano F"]
[Result "1-0"]
[WhiteElo "2280"]
[BlackElo "2485"]
[PlyCount "97"]
[EventDate "2023.05.04"]
[EventType "swiss"]
[EventRounds "9"]
[EventCountry "AZE"]
[SourceTitle "CBM 214 Extra"]
[Source "ChessBase"]
[SourceDate "2023.07.31"]
[SourceVersion "1"]
[SourceVersionDate "2023.07.31"]
[SourceQuality "1"]

1. d4 d5 2. c4 c6 3. Nf3 Nf6 4. e3 e6 5. b3 Ne4 6. Bb2 Bb4+ 7. Nbd2 Qf6 8. Qe2 dxc4 9. bxc4 0-0 10. 0-0-0 Bxd2+ 11. Rxd2 Nxd2 12. Qxd2 Qe7 13. Bd3 Nd7 14. Qc2 f5 15. h3 h6 16. h4 b6 17. e4 fxe4 18. Bxe4 Bb7 19. Qe2 Nf6 20. Bc2 Qd6 21. Ne5 c5 22. Rd1 cxd4 23. Rxd4 Qc7 24. g4 Rad8 25. g5 Rxd4 26. Bxd4 Qd8 27. Qe3 hxg5 28. hxg5 Nh5 29. Ng6 Rf7 30. Qxe6 Bc8 31. Qe5 Bd7 32. Qd5 Qe8 33. Ne5 Be6 34. Qd6 Rf5 35. Bxf5 Bxf5 36. Qd5+ Be6 37. Qf3 g6 38. Qe4 Bf5 39. Qd5+ Be6 40. Qe4 Bf5 41. Qf3 Ng7 42. Qc6 Qe7 43. Qf6 Qa3+ 44. Bb2 Qh3 45. Kd2 Qg2 46. Ng4 Qb7 47. Qd8+ Kf7 48. Nh6+ Ke6 49. Qf6+ 1-0

[Event "Baku op"]
[Site "Baku"]
[Date "2023.05.05"]
[Round "2"]
[White "Abdisalimov, Abdimalik"]
[Black "Aliyev, Ravan"]
[Result "0-1"]
[WhiteElo "2494"]
[BlackElo "2280"]
[PlyCount "78"]
[EventDate "2023.05.04"]
[EventType "swiss"]
[EventRounds "9"]
[EventCountry "AZE"]
[SourceTitle "CBM 214 Extra"]
[Source "ChessBase"]
[SourceDate "2023.07.31"]
[SourceVersion "1"]
[SourceVersionDate "2023.07.31"]
[SourceQuality "1"]

1. d4 Nf6 2. c4 e6 3. Nc3 d5 4. cxd5 exd5 5. Bg5 c6 6. e3 Be7 7. Bd3 0-0 8. Nge2 Nbd7 9. Qc2 Re8 10. 0-0 h6 11. Bh4 a5 12. f3 b5 13. h3 Bb7 14. Bf2 Rc8 15. Bf5 c5 16. dxc5 Rxc5 17. Qd2 Nb6 18. b3 d4 19. Be4 dxc3 20. Qxd8 Rxd8 21. Bxb7 Rd7 22. Ba6 Ra7 23. Bxb5 Rxb5 24. Nxc3 Rc5 25. Ne2 Rd7 26. e4 Rc2 27. Bxb6 Rxe2 28. Rf2 Rxf2 29. Kxf2 Rd2+ 30. Kf1 Bd8 31. Bxd8 Rxd8 32. Ke2 Rc8 33. Rd1 Kf8 34. Ke3 Ke7 35. e5 Nd7 36. Rd5 a4 37. bxa4 Nb6 38. Rd4 Ra8 39. Rb4 Nd5+ 0-1

[Event "Baku White Rook Cup"]
[Site "Baku"]
[Date "2023.01.06"]
[Round "5"]
[White "Lu, Miaoyi"]
[Black "Aliyev, Ravan"]
[Result "1/2-1/2"]
[WhiteElo "2399"]
[BlackElo "2313"]
[PlyCount "80"]
[EventDate "2023.01.03"]
[EventType "tourn"]
[EventRounds "9"]
[EventCountry "AZE"]
[EventCategory "6"]
[SourceTitle "CBM 212 Extra"]
[Source "ChessBase"]
[SourceDate "2023.03.31"]
[SourceVersion "1"]
[SourceVersionDate "2023.03.31"]
[SourceQuality "1"]

1. e4 e6 2. d4 d5 3. Nc3 Bb4 4. Nge2 dxe4 5. a3 Be7 6. Nxe4 Nd7 7. g3 Ngf6 8. Nxf6+ Bxf6 9. Bg2 0-0 10. 0-0 c5 11. Be3 Qb6 12. dxc5 Qxb2 13. Rb1 Qxa3 14. Nd4 a6 15. c6 bxc6 16. Nxc6 a5 17. Rb3 Qa4 18. Na7 Ba6 19. Re1 Ne5 20. Bxa8 Rxa8 21. Bf4 Nd7 22. Qd6 Bc4 23. Rb7 Nf8 24. Qc7 e5 25. Nc8 exf4 26. Nb6 Qb4 27. c3 Qxc3 28. Rb1 fxg3 29. hxg3 Re8 30. Qxc4 Re1+ 31. Rxe1 Qxe1+ 32. Kg2 Qe6 33. Qxe6 Nxe6 34. Ra7 Bc3 35. Nd5 Bb4 36. Ra8+ Nf8 37. Nxb4 axb4 38. Rb8 h5 39. Rxb4 g6 40. Re4 Kg7 1/2-1/2

[Event "Baku White Rook Cup"]
[Site "Baku"]
[Date "2023.01.03"]
[Round "1"]
[White "Aliyev, Ravan"]
[Black "Talibov, Shiroghlan"]
[Result "1/2-1/2"]
[WhiteElo "2313"]
[BlackElo "2316"]
[PlyCount "50"]
[EventDate "2023.01.03"]
[EventType "tourn"]
[EventRounds "9"]
[EventCountry "AZE"]
[EventCategory "6"]
[SourceTitle "CBM 212 Extra"]
[Source "ChessBase"]
[SourceDate "2023.03.31"]
[SourceVersion "1"]
[SourceVersionDate "2023.03.31"]
[SourceQuality "1"]

1. d4 Nf6 2. c4 e6 3. Nc3 Bb4 4. Qc2 0-0 5. e4 d5 6. e5 Ne4 7. Bd3 c5 8. Nf3 cxd4 9. Nxd4 Nd7 10. Bf4 Ndc5 11. 0-0 Bxc3 12. bxc3 Nxd3 13. Qxd3 b6 14. cxd5 Qxd5 15. Rfd1 Bb7 16. c4 Qa5 17. f3 Nc5 18. Qe3 Rfd8 19. Bg5 Rd7 20. h4 h6 21. Bxh6 gxh6 22. Qxh6 Rad8 23. Qg5+ Kh7 24. Qh5+ Kg7 25. Qg5+ Kh7 1/2-1/2

[Event "AZE-ch Blitz"]
[Site "Baku"]
[Date "2022.12.05"]
[Round "5"]
[White "Aliyev, Ravan"]
[Black "Gadimbayli, Abdulla Azar"]
[Result "0-1"]
[WhiteElo "2313"]
[BlackElo "2524"]
[PlyCount "80"]
[EventDate "2022.12.05"]
[EventType "swiss (blitz)"]
[EventRounds "9"]
[EventCountry "AZE"]
[SourceTitle "CBM 211 Extra"]
[Source "ChessBase"]
[SourceDate "2023.01.31"]
[SourceVersion "1"]
[SourceVersionDate "2023.01.31"]
[SourceQuality "1"]

1. c4 e5 2. Nc3 Nf6 3. g3 Bc5 4. Bg2 c6 5. d3 0-0 6. Nf3 d6 7. 0-0 h6 8. Rb1 a5 9. a3 Na6 10. b3 Bf5 11. Bb2 Re8 12. Nd2 Bh7 13. Nde4 Nxe4 14. dxe4 Qe7 15. e3 Nc7 16. Qd2 Rf8 17. Rbd1 Rfd8 18. Kh1 Kh8 19. f4 f6 20. Na4 Ne6 21. Qc2 Bxe3 22. Qe2 Bd4 23. Nc3 Bc5 24. Na4 Bd4 25. Nc3 Ba7 26. Qd3 Bg8 27. Ne2 Nc5 28. Qc2 b5 29. g4 a4 30. b4 Ne6 31. f5 Nd4 32. Bxd4 exd4 33. cxb5 Bb3 34. Qxc6 Rdc8 35. Qa6 Bxd1 36. Rxd1 Bc5 37. Nf4 Kh7 38. Ng6 Qd7 39. e5 Rxa6 40. e6 Qxb5 0-1